00382nam a2200145Ia 4500003000900000008004100009040001600050080001500066100001600081245004600097260003900143300001000182650001800192650002600210IN-BaIIA211028s9999 xx 000 0 eng d cIIA Library a031bNAY-6 aNayak,H. M. 0aKannada Visvakosabvol. VI.cH. M. Nayak  aMysorebUniversity of Mysorec1973 a989p. aEncyclopaedia aKannada Encyclopaedia